000 00849nam a2200253 i 4500
003 DO-SdBNP
005 20230613102225.0
007 ta
008 230613b1999 dr ac||| |||| 00| 0 spa d
040 _aDO-SdBNP
_bspa
_cBNPHU
_erda
082 4 _222
100 _954822
_aTejada, Adriano Miguel
_eautor
245 1 0 _a100 años de historia /
_cAdriano Miguel Tejada ; cuidado de edición Miguel Ángel Velázquez Mainardi
246 _aCien años de historia
264 1 _aSanto Domingo :
_bHoy,
_c1999.
300 _a206 páginas :
_bilustraciones, retratos ;
_c31 cm.
336 _2rdacontent
_atexto
_btxt
337 _2rdamedia
_asin mediación
_bn
338 _2rdacarrier
_avolumen
_bnc
590 _aInventariado, 2023/BT
700 _aVelázquez Mainardi, Miguel Ángel,
_ecuidado de edición
_957281
910 _aBtavárez
942 _2ddc
_cLBS1
999 _c53788
_d53788